| 000 | 00791nam a22001937a 4500 | ||
|---|---|---|---|
| 999 |
_c62797 _d62797 |
||
| 003 | Ge_BSU | ||
| 005 | 20250218111223.0 | ||
| 008 | 250218s1941 ge ||||| |||| 00| 0 geo d | ||
| 041 | _ageo | ||
| 080 | _a616.8(075.8) ყ-56 | ||
| 100 |
_aყიფშიძე, ს. _924383 |
||
| 245 |
_aნერვული სისტემის სნეულებანი : _bმოკლე სახელმძღვანელო სტუდენტთათვის/ _cს. ყიფშიძე. |
||
| 264 |
_aთბ. : _bსაქმედგამი, _c 1941. |
||
| 300 |
_a349 გვ. : _bილ. ; _c22 სმ. |
||
| 504 | _aბიბლიოგრ: გვ. 347. | ||
| 653 | _aნერვული სისტემა | ||
| 653 | _aმედიცინა | ||
| 942 |
_2udc _cBK |
||